Labrang : (Record no. 4347)
[ view plain ]
| 000 -LEADER | |
|---|---|
| fixed length control field | 00779cam a2200205 4500 |
| 001 - CONTROL NUMBER | |
| control field | 5186 |
| 005 - DATE AND TIME OF LATEST TRANSACTION | |
| control field | 20181127174955.0 |
| 008 - FIXED-LENGTH DATA ELEMENTS--GENERAL INFORMATION | |
| fixed length control field | 980126s1999 nyuab b 001 0 eng |
| 010 ## - LIBRARY OF CONGRESS CONTROL NUMBER | |
| LC control number | 98005347 |
| 020 ## - INTERNATIONAL STANDARD BOOK NUMBER | |
| International Standard Book Number | 1559390905 (pbk.) |
| 043 ## - GEOGRAPHIC AREA CODE | |
| Geographic area code | a-cc-ti |
| 100 1# - MAIN ENTRY--PERSONAL NAME | |
| Personal name | Nietupski, Paul Kocot, |
| Dates associated with a name | 1950- |
| 245 10 - TITLE STATEMENT | |
| Title | Labrang : |
| Remainder of title | a Tibetan Buddhist monastery at the crossroads of four civilizations / |
| Statement of responsibility, etc. | by Paul Kocot Nietupski. |
| 260 ## - PUBLICATION, DISTRIBUTION, ETC. | |
| Place of publication, distribution, etc. | Ithaca, N.Y. : |
| Name of publisher, distributor, etc. | Snow Lion Publications, |
| Date of publication, distribution, etc. | c1999. |
| 300 ## - PHYSICAL DESCRIPTION | |
| Extent | 123 p. : |
| Other physical details | ill. (some col.), map ; |
| Dimensions | 20 x 24 cm. |
| 500 ## - GENERAL NOTE | |
| General note | ""Photos from the Griebenow Archives, 1921-1949."" |
| 504 ## - BIBLIOGRAPHY, ETC. NOTE | |
| Bibliography, etc. note | Includes bibliographical references (p. [119]-123) and index. |
| 610 20 - SUBJECT ADDED ENTRY--CORPORATE NAME | |
| Corporate name or jurisdiction name as entry element | Labuleng si (Xiahe Xian, China) |
| 651 #0 - SUBJECT ADDED ENTRY--GEOGRAPHIC NAME | |
| Geographic name | Amdo (China : Region) |
| General subdivision | Civilization. |
| Withdrawn status | Lost status | Source of classification or shelving scheme | Damaged status | Not for loan | Collection code | Home library | Current library | Shelving location | Serial Enumeration / chronology | Inventory number | Total Checkouts | Full call number | Barcode | Date last seen | Date last checked out | Price effective from | Koha item type |
|---|---|---|---|---|---|---|---|---|---|---|---|---|---|---|---|---|---|
| Dewey Decimal Classification | Main TEST | RTC Library | RTC Library | Main opac | 8453 | 1 | 248. 2 NIE | 30009507 | 04/02/2021 | 15/12/2020 | 27/11/2018 | Main |